| 000 | 01376cam a2200373 a 4500 | ||
|---|---|---|---|
| 999 |
_c7342 _d7342 |
||
| 001 | 106419 | ||
| 003 | GBCCL | ||
| 005 | 20241126110625.0 | ||
| 008 | 970610s1997 coua c 000 1 eng | ||
| 010 | _a 97024445 | ||
| 020 | _a1561795607 | ||
| 035 | _a(OCoLC)ocm37155077 | ||
| 040 |
_aDLC _cDLC _dOCL |
||
| 042 | _alcac | ||
| 049 | _aLBBI | ||
| 050 | 0 | 0 |
_aPZ7.R88515 _bMi 1997 |
| 082 | 0 | 0 |
_a813.54 _221 _bRUE |
| 099 | _aR836c v.13 | ||
| 100 | 1 |
_aRue, Nancy N. _97618 |
|
| 245 | 1 | 4 |
_aThe misfit / _cNancy Rue. |
| 260 |
_aColorado Springs, CO : _bFocus on the Family Pub., _cc1997. |
||
| 300 |
_a188 p. : _bill. ; _c19 cm. |
||
| 490 | 1 |
_aChristian heritage series ; _vbk. 13. |
|
| 490 | 1 |
_aThe Charleston years ; _vbk. 1. |
|
| 520 | _aLiving with his uncle on a South Carolina plantation in 1860, eleven-year-old Austin befriends a young slave boy and learns more about how Jesus loves people who are different. | ||
| 521 | _a"Children ages 8 to 12"--Cover p. [4]. | ||
| 650 | 0 |
_aSlavery _vJuvenile fiction. _912988 |
|
| 650 | 0 |
_aAfrican Americans _vJuvenile fiction. _912989 |
|
| 650 | 0 |
_aChristian life _vJuvenile fiction. _95672 |
|
| 651 | 0 |
_aSouth Carolina _vJuvenile fiction. _912990 |
|
| 800 | 1 |
_aRue, Nancy N. _tChristian heritage series ; _vbk. 13. _912991 |
|
| 800 | 1 |
_aRue, Nancy N. _tChristian heritage series. _pCharleston years. _912992 |
|
| 942 |
_2ddc _cBK |
||